South Eastern Kenya University

Library Online Public Access Catalogue


Couples therapy / (Record no. 14988)

MARC details
000 -LEADER
fixed length control field 00497cam a22001694a 4500
020 ## - ISBN
International Standard Book Number 0789014548 (soft : alk. paper)
020 ## - ISBN
International Standard Book Number 078901453X (hard : alk. paper)
050 00 - LIBRARY OF CONGRESS CALL NUMBER
Classification Number RC488.5
Item Number .B46 2001
100 1# - MAIN ENTRY--Author
Personal name Berg-Cross, Linda.
245 10 - TITLE
Title Couples therapy /
Statement of responsibility, etc Linda Berg-Cross.
250 ## - EDITIONSTATEMENT
Edition statement 2nd ed.
260 ## - PUBLICATION, DISTRIBUTION, ETC.(IMPRINT)
Place of publication, distribution, etc New York :
Name of publisher, distributor, etc Haworth Clinical Practice Press
Date of publication, distribution, etc 2001.
300 ## - PHYSICAL DESCRIPTION
Extent 458 p. :
650 #0 - SUBJECT--TOPIC
Form subdivision Problems, exercises, etc.
650 #0 - SUBJECT--TOPIC
Form subdivision Problems, exercises, etc.
942 ## - ADDED ENTRY ELEMENTS(KOHA)
Source of classification or shelving scheme Library of Congress Classification
Koha item type General circulation
Holdings
Source of classification or shelving scheme Not for loan Location (home branch) Sublocation (holding branch) Shelving location Date accessioned Full call number Barcode Koha item type Public note
Library of Congress Classification   Main Campus Library Main Campus Library   02/06/2016 RC488.5 .B46 2001 2016/019019 General circulation amm
Kitui, Kenya.
+254736116989
library@seku.ac.ke